000 00480cam a2200193ua 4500
001 7303
008 141206n ii |||gr||||Z||||||ben
020 _a9788189101275
040 _cMAIN
041 _aben
082 _a891.444
100 _aSingh, N.T.,
_eAuthor.
245 1 _aManipuri theatre :
_bKhomjinba waren khara /
_cBy Nongmaithem Tombi Singh .
250 _a1st.
260 _aImphal:
_bWriter,
_c2008.
300 _a193p.
653 _aBengali essays
942 _cBK
999 _c6428
_d6428